Statistics for FIFA/Coca-Cola Football (soccer) men's world ranking quiz

Click here to take the quiz!

General Stats

  • This quiz has been taken 125 times
    (96 since last reset)
  • The average score is 33 of 50

Answer Stats

RankingTeam% Correct
1Germany
98%
2Brazil
95%
5Argentina
94%
7France
94%
12England
87%
3Belgium
86%
10Spain
86%
25USA
85%
19Italy
84%
4Portugal
84%
17Netherlands
83%
20Croatia
82%
45Egypt
77%
15Mexico
75%
24Sweden
74%
8Poland
72%
14Uruguay
72%
16Colombia
70%
6Switzerland
70%
36Australia
69%
9Chile
69%
48Nigeria
68%
31Republic of Ireland
68%
18Wales
67%
12Denmark
66%
22Iceland
64%
42Scotland
63%
27Senegal
63%
47Ghana
62%
34Serbia
62%
38Turkey
62%
11Peru
61%
35Ukraine
61%
44Greece
57%
37IR Iran
57%
32Paraguay
57%
26Austria
56%
49Cameroon
56%
28Slovakia
55%
30Romania
54%
41Morocco
53%
21Tunisia
52%
49Bulgaria
48%
23Costa Rica
48%
29Northern Ireland
44%
40Bosnia & Herzegovina
41%
46Czech Republic
41%
33Venezuela
37%
38Congo DR
26%
43Montenegro
24%

Score Distribution

Percentile by Number Answered

Percent of People with Each Score

Your Score History

You have not taken this quiz since the last reset